[Event "II Festival Costa Viola B"]
[Site "Bagnara Calabra ITA"]
[Date "2009.01.06"]
[Round "7"]
[White "Paragliola, Gennaro"]
[Black "Ceravolo, Alberto"]
[Result "1-0"]
[WhiteElo "1643"]
[BlackElo "1652"]
[PlyCount "54"]
[EventDate "2009.01.02"]

1. d4 Nf6 2. c4 g6 3. Nc3 Bg7 4. e4 d6 5. Nf3 O-O 6. Be2 c5 7. d5 Nbd7 8. O-O
Re8 9. h3 Nf8 10. Be3 N6d7 11. Qd2 Ne5 12. Rad1 Nfd7 13. Bf4 Nxf3+ 14. Bxf3 Ne5
15. Be2 f5 16. Rfe1 fxe4 17. Nxe4 Nf7 18. b3 b6 19. Bf3 Rf8 20. Re2 Ne5 21.
Bxe5 Bxe5 22. Qh6 Bf4 23. Ng5 Bxg5 24. Qxg5 Rf6 25. Rde1 Kf7 26. Qh6 e5 27.
dxe6+ Kg8 1-0

[Event "II Festival Costa Viola B"]
[Site "Bagnara Calabra ITA"]
[Date "2009.01.06"]
[Round "7"]
[White "Pratico', Paolo"]
[Black "Licari, Carmelo"]
[Result "0-1"]
[WhiteElo "1317"]
[BlackElo "1395"]
[PlyCount "36"]
[EventDate "2009.01.02"]

1. d4 d5 2. Nf3 e6 3. e3 Nf6 4. g3 Nc6 5. Bg2 Bd7 6. O-O Be7 7. c3 a5 8. a4 b6
9. b3 O-O 10. Qc2 Re8 11. Nbd2 Bd6 12. Re1 e5 13. Ba3 e4 14. Ng5 h6 15. Bxd6
cxd6 16. Nh3 Qc8 17. b4 Nxb4 18. cxb4 Qxc2 0-1

[Event "II Festival Costa Viola B"]
[Site "Bagnara Calabra ITA"]
[Date "2009.01.06"]
[Round "7"]
[White "Scerra, Ezio"]
[Black "Mercuri, Delia"]
[Result "0-1"]
[WhiteElo "1350"]
[BlackElo "1442"]
[PlyCount "80"]
[EventDate "2009.01.02"]

1. c4 c5 2. Nc3 Nc6 3. g3 e6 4. Bg2 Nf6 5. Nf3 d5 6. O-O Be7 7. e3 dxc4 8. Qa4
O-O 9. Qxc4 Na5 10. Qe2 a6 11. b3 b5 12. d4 Bb7 13. Rd1 Qc7 14. Bb2 Rad8 15.
Rac1 c4 16. Nb1 Qb6 17. bxc4 Nxc4 18. Bc3 Bd5 19. Qe1 Qb7 20. Nh4 Ne4 21. Bb4
Bxb4 22. Qxb4 a5 23. Qe1 b4 24. f3 Nc3 25. Nxc3 bxc3 26. Rb1 Qa6 27. Qxc3 Rc8
28. Rdc1 g5 29. e4 Ba8 30. Bf1 Qd6 31. Bxc4 gxh4 32. gxh4 Qf4 33. Qxa5 Qe3+ 34.
Kg2 Kh8 35. Re1 Rg8+ 36. Qg5 Rxg5+ 37. hxg5 Qxg5+ 38. Kh1 Qe3 39. Kg2 Rg8+ 40.
Kh3 Qh6# 0-1

[Event "II Festival Costa Viola B"]
[Site "Bagnara Calabra ITA"]
[Date "2009.01.06"]
[Round "7"]
[White "Zampaglione, Francesco"]
[Black "Pallonetto, Cristofaro"]
[Result "0-1"]
[WhiteElo "1368"]
[BlackElo "1473"]
[PlyCount "26"]
[EventDate "2009.01.02"]

1. e4 e5 2. Nf3 Nc6 3. Bb5 d6 4. O-O Bg4 5. d3 a6 6. Bxc6+ bxc6 7. Be3 Be7 8.
Nbd2 Nf6 9. c3 Rb8 10. b4 O-O 11. Qa4 Qd7 12. Qxa6 Ra8 13. Qc4 Be6 0-1

[Event "II Open A"]
[Site "Correggio ITA"]
[Date "2009.01.03"]
[Round "2"]
[White "Malfagia, Andrea"]
[Black "Efimov, Igor"]
[Result "1/2-1/2"]
[WhiteElo "2263"]
[BlackElo "2439"]
[PlyCount "53"]
[EventDate "2009.01.02"]

1. d4 d5 2. c4 c6 3. Nc3 Nf6 4. cxd5 cxd5 5. Bf4 Qb6 6. Rc1 Nc6 7. e3 Qxb2 8.
Bd3 Bg4 9. Nge2 Bxe2 10. Bxe2 e5 11. dxe5 Bb4 12. O-O Bxc3 13. exf6 Bxf6 14.
Qxd5 Qxe2 15. Rxc6 O-O 16. Rc7 Rad8 17. Bd6 Qa6 18. Rd1 Rxd6 19. Qxd6 Qxd6 20.
Rxd6 Be5 21. Rdd7 Bxc7 22. Rxc7 Rb8 23. g4 a5 24. a4 h6 25. Kg2 b5 26. axb5
Rxb5 27. Ra7 1/2-1/2

[Event "II Open A"]
[Site "Correggio ITA"]
[Date "2009.01.03"]
[Round "3"]
[White "Peric, Slavisa"]
[Black "Malfagia, Andrea"]
[Result "1-0"]
[WhiteElo "2263"]
[BlackElo "2263"]
[PlyCount "107"]
[EventDate "2009.01.02"]

1. d4 e6 2. Nf3 c5 3. e3 Nf6 4. c4 d5 5. Nc3 Nc6 6. a3 a6 7. b3 cxd4 8. exd4
Be7 9. Bd3 dxc4 10. Bxc4 b5 11. Bd3 Bb7 12. O-O O-O 13. b4 Rc8 14. Bb2 Qb6 15.
Ne2 Rfd8 16. Qd2 a5 17. bxa5 Nxa5 18. Qf4 Nc4 19. Bc1 Qc6 20. Qh4 h6 21. Qh3
Ne4 22. Ng3 Ng5 23. Bxg5 Bxg5 24. Be4 Qb6 25. Nxg5 hxg5 26. Qh7+ Kf8 27. Bxb7
Qxb7 28. Rfe1 Qd5 29. Qh8+ Ke7 30. Qxg7 Rh8 31. Ne4 Rcg8 32. Qf6+ Kf8 33. Nc3
Qd6 34. g3 Rh5 35. d5 Rg6 36. Qd4 e5 37. Qe4 Qd7 38. g4 Rh4 39. f3 Rf6 40. Re2
Rf4 41. Qd3 Rh3 42. Rf1 Rxg4+ 43. Kh1 Rd4 44. Qc2 Nxa3 45. Qb3 b4 46. Ne4 Qxd5
47. Qe3 Rd3 48. Qxg5 Rdxf3 49. Rxf3 Rxf3 50. Rd2 Rd3 51. Qh6+ Ke8 52. Qh8+ Kd7
53. Rxd3 Qxd3 54. Nc5+ 1-0

[Event "II Open B"]
[Site "Correggio ITA"]
[Date "2009.01.04"]
[Round "4"]
[White "Valentini, Luca"]
[Black "Lucchi, Lorenzo"]
[Result "0-1"]
[WhiteElo "2050"]
[BlackElo "2033"]
[PlyCount "86"]
[EventDate "2009.01.02"]

1. d4 g6 2. Nf3 Bg7 3. c4 d6 4. Nc3 Nd7 5. e4 e6 6. Be3 Ne7 7. Qd2 h6 8. Bd3 b6
9. O-O Bb7 10. Bc2 a6 11. Rad1 Nf6 12. Ba4+ Kf8 13. Bc2 b5 14. cxb5 axb5 15. a3
d5 16. e5 Ne4 17. Qe1 Qd7 18. Bd3 Nxc3 19. Qxc3 c6 20. Qc2 Kg8 21. Bd2 Kh7 22.
g4 Rhc8 23. Bb4 Bf8 24. h4 Ng8 25. Bxf8 Rxf8 26. h5 Ne7 27. Nh4 Rg8 28. Qc1 Qd8
29. Qf4 Rg7 30. Kg2 b4 31. Rh1 Ng8 32. Nf3 Qe7 33. hxg6+ fxg6 34. g5 Rf7 35.
Qh4 Raf8 36. Rh3 bxa3 37. bxa3 Qxa3 38. gxh6 Rf4 39. Qg3 Ne7 40. Bxg6+ Kh8 41.
Rd3 Qc1 42. Rh1 Qc2 43. Qg5 Nxg6 0-1

[Event "II Open B"]
[Site "Correggio ITA"]
[Date "2009.01.05"]
[Round "6"]
[White "Radice, Luca"]
[Black "Di Trapani, Davide"]
[Result "1-0"]
[WhiteElo "2096"]
[BlackElo "1809"]
[PlyCount "63"]
[EventDate "2009.01.02"]

1. d4 d5 2. c4 e6 3. Nc3 Nf6 4. Bg5 Be7 5. e3 Nbd7 6. Nf3 O-O 7. Qc2 b6 8.
O-O-O Bb7 9. h4 c5 10. Ne5 cxd4 11. exd4 dxc4 12. Bxc4 Rc8 13. Bd3 h6 14. Kb1
Nd5 15. Bxe7 Qxe7 16. Nxd5 Bxd5 17. Qd2 Rfd8 18. Qe3 Nf6 19. Rhg1 Qb4 20. Ka1
Qa4 21. Bb1 b5 22. g4 Ba8 23. g5 Nd5 24. Qd3 Nb4 25. Qh7+ Kf8 26. gxh6 Bd5 27.
hxg7+ Ke7 28. g8=Q Nc2+ 29. Qxc2 Rxc2 30. Qxf7+ Kd6 31. Rg7 b4 32. Qe7# 1-0

[Event "I Open Adriatico Ionio A"]
[Site "Ancona ITA"]
[Date "2009.01.02"]
[Round "1"]
[White "Drasko, Milan"]
[Black "De Santis, Alessio"]
[Result "1-0"]
[WhiteElo "2533"]
[BlackElo "2278"]
[PlyCount "61"]
[EventDate "2009.01.02"]

1. Nf3 c5 2. g3 e6 3. Bg2 Be7 4. c4 h5 5. h3 Nc6 6. Nc3 a6 7. d4 cxd4 8. Nxd4
Qb6 9. Nc2 Ne5 10. b3 Qc7 11. Bb2 Nf6 12. Qd2 d6 13. f4 Ned7 14. e4 Rb8 15. Nd4
Nf8 16. O-O Ng6 17. Kh1 Bd7 18. a4 Rd8 19. Rac1 Bc8 20. Nce2 Qb6 21. Bc3 Qc5
22. Nc2 Kf8 23. Bd4 Qc7 24. Qe3 Nd7 25. f5 exf5 26. exf5 Nge5 27. Nc3 f6 28.
Nd5 Qa5 29. Nf4 Re8 30. Bd5 Bd8 31. Ng6+ 1-0

[Event "I Open Adriatico Ionio A"]
[Site "Ancona ITA"]
[Date "2009.01.02"]
[Round "1"]
[White "Foglia, Maurizio"]
[Black "Kizov, Atanas"]
[Result "0-1"]
[WhiteElo "2164"]
[BlackElo "2404"]
[PlyCount "80"]
[EventDate "2009.01.02"]

1. d4 Nf6 2. Nf3 g6 3. Bf4 Bg7 4. e3 d6 5. h3 O-O 6. Be2 Nfd7 7. c4 e5 8. Bh2
Nc6 9. Nc3 h6 10. O-O Kh8 11. Nd5 f5 12. b4 g5 13. Rc1 f4 14. c5 Nf6 15. Nxf6
Qxf6 16. cxd6 cxd6 17. b5 Ne7 18. dxe5 dxe5 19. e4 Be6 20. Rc7 b6 21. Qc2 Rfc8
22. Rd1 Ng6 23. Rd6 Rd8 24. Qc6 Rxd6 25. Qxd6 Qd8 26. Qxd8+ Rxd8 27. Rc6 Nf8
28. Rc2 Nd7 29. Nd2 Nc5 30. Kf1 Nd3 31. a3 Nc1 32. f3 Bf8 33. a4 Bb4 34. Nc4
Nxe2 35. Kxe2 Bxc4+ 36. Rxc4 Rd2+ 37. Kf1 Bc5 38. Rxc5 bxc5 39. Bg1 Rd1+ 40.
Kf2 c4 0-1

[Event "I Open Adriatico Ionio A"]
[Site "Ancona ITA"]
[Date "2009.01.02"]
[Round "1"]
[White "Guido, Flavio"]
[Black "Rago, Riccardo"]
[Result "1/2-1/2"]
[WhiteElo "2382"]
[BlackElo "2076"]
[PlyCount "138"]
[EventDate "2009.01.02"]

1. e4 c5 2. c3 e6 3. d4 d5 4. e5 Nc6 5. Nf3 cxd4 6. cxd4 Nge7 7. Bd3 Nf5 8.
Bxf5 exf5 9. Nc3 Be6 10. Ne2 Be7 11. h4 h6 12. Kf1 Qb6 13. h5 Rc8 14. a3 Na5
15. b4 Nc4 16. Nf4 O-O 17. Rh3 a5 18. Rg3 axb4 19. axb4 Kh8 20. Nd3 Ra8 21. Bf4
Qb5 22. Kg1 b6 23. Kh2 Rfc8 24. Qb1 Na3 25. Qb3 Nc4 26. Qb1 Na3 27. Qb3 Nc4 28.
Ra2 Na5 29. Qb1 Nc6 30. Rxa8 Rxa8 31. Bd2 Ra3 32. Nf4 Qc4 33. Be3 Bxb4 34. Nxe6
fxe6 35. Rg6 Nd8 36. g4 f4 37. Rxh6+ gxh6 38. Qg6 Qc7 39. Qxh6+ Kg8 40. Qxf4
Qg7 41. g5 Be7 42. g6 Nf7 43. Qg4 Rxe3 44. gxf7+ Kxf7 45. Qf4+ Kg8 46. fxe3 b5
47. e4 dxe4 48. Qxe4 b4 49. Kh3 Kf7 50. d5 exd5 51. Qxd5+ Ke8 52. Qc6+ Kf7 53.
Qd5+ Kf8 54. Nd4 Qf7 55. Ne6+ Kg8 56. Kg4 Kh8 57. Qc4 Qg8+ 58. Kh3 Qf7 59. Qc8+
Kh7 60. Kg4 Qg8+ 61. Qxg8+ Kxg8 62. Nd4 Kh7 63. Kf5 Kh6 64. Ke6 Bh4 65. Kd5
Kxh5 66. Kc4 Kg6 67. Kxb4 Bg3 68. e6 Kf6 69. Kb5 Be5 1/2-1/2

[Event "I Open Adriatico Ionio A"]
[Site "Ancona ITA"]
[Date "2009.01.02"]
[Round "1"]
[White "Lazic, Miroljub"]
[Black "Brih, Said"]
[Result "1-0"]
[WhiteElo "2454"]
[BlackElo "2268"]
[PlyCount "69"]
[EventDate "2009.01.02"]

1. g3 e5 2. c4 Nf6 3. Bg2 d5 4. cxd5 Nxd5 5. Nc3 Nb6 6. Nf3 Nc6 7. O-O Be7 8.
d3 g5 9. Be3 f5 10. Nd2 Be6 11. Nb3 Nd4 12. Na5 O-O 13. Bxb7 Rb8 14. Bg2 Qd7
15. Bd2 f4 16. Nb3 Bh3 17. Nxd4 Bxg2 18. Kxg2 exd4 19. Ne4 Nd5 20. b3 Rb6 21.
f3 Bb4 22. g4 h5 23. Kh1 Bxd2 24. Qxd2 hxg4 25. fxg4 Ne3 26. Rf3 Rh6 27. Rg1
Qh7 28. Rf2 Qg6 29. Qa5 Rh7 30. Qxg5 Qxg5 31. Nxg5 Rg7 32. Nf3 Rf6 33. Nxd4
Nxg4 34. Rxf4 Rfg6 35. Rg3 1-0

[Event "I Open Adriatico Ionio A"]
[Site "Ancona ITA"]
[Date "2009.01.02"]
[Round "1"]
[White "Madeira Martins, Wagner"]
[Black "Bellia, Fabrizio"]
[Result "0-1"]
[WhiteElo "2212"]
[BlackElo "2413"]
[PlyCount "114"]
[EventDate "2009.01.02"]

1. e4 c5 2. c3 d5 3. exd5 Qxd5 4. d4 Nf6 5. dxc5 Qxc5 6. Be3 Qc7 7. Na3 Nc6 8.
Nb5 Qb8 9. Be2 e5 10. a4 Be7 11. Bg5 O-O 12. Bxf6 Bxf6 13. Bg4 Rd8 14. Qe2 Bxg4
15. Qxg4 a6 16. Na3 b5 17. Ne2 bxa4 18. O-O Qxb2 19. Nc4 Qc2 20. Nb6 Ra7 21.
Ng3 Rb7 22. Nxa4 Be7 23. Qc4 Nb8 24. h3 Qd3 25. Qa2 Qd5 26. Qe2 Rc8 27. Rfd1
Qe6 28. Qf3 Rd7 29. Rdb1 Rdd8 30. Qa8 Nd7 31. Qb7 Qc6 32. Qb3 Rb8 33. Qa2 Rxb1+
34. Rxb1 g6 35. Rd1 Nf8 36. Rb1 Nd7 37. Rd1 h5 38. Nf1 Nf6 39. Rxd8+ Bxd8 40.
Ne3 Bc7 41. Qc4 Qxc4 42. Nxc4 Nd7 43. Kf1 f5 44. Ke2 Kf7 45. f3 Ke6 46. Kd3 h4
47. Ne3 Bb6 48. Nf1 Kd5 49. c4+ Kc6 50. g4 hxg3 51. Nxg3 Bf2 52. Ne2 Nc5+ 53.
Nxc5 Kxc5 54. Kc3 a5 55. Nc1 Be1+ 56. Kb3 a4+ 57. Kxa4 Kxc4 0-1

[Event "I Open Adriatico Ionio A"]
[Site "Ancona ITA"]
[Date "2009.01.02"]
[Round "1"]
[White "Rovedi, Mauro"]
[Black "Bontempi, Piero"]
[Result "0-1"]
[WhiteElo "2047"]
[BlackElo "2365"]
[PlyCount "77"]
[EventDate "2009.01.02"]

1. e4 c5 2. c3 Nf6 3. Bc4 Nxe4 4. Bxf7+ Kxf7 5. Qh5+ g6 6. Qd5+ e6 7. Qxe4 Bg7
8. d4 cxd4 9. cxd4 Rf8 10. Nf3 Kg8 11. h4 Qa5+ 12. Nc3 Qf5 13. h5 gxh5 14. Qh4
Nc6 15. Be3 Nb4 16. Kf1 b6 17. Qxh5 Bb7 18. Qxf5 Rxf5 19. Rh3 Raf8 20. Ke2 Nc2
21. Rd1 Bc6 22. Rd2 Nb4 23. Rd1 Nd5 24. Nxd5 Bxd5 25. Rdh1 Bxa2 26. Rxh7 Rb5
27. Rxg7+ Kxg7 28. Bh6+ Kg8 29. Bxf8 Rxb2+ 30. Ke3 Kxf8 31. Rh8+ Ke7 32. Rh7+
Kd8 33. Ne5 a5 34. Rxd7+ Kc8 35. Ra7 Bd5 36. Re7 Bxg2 37. Rxe6 a4 38. f3 a3 39.
d5 0-1

[Event "I Open Adriatico Ionio A"]
[Site "Ancona ITA"]
[Date "2009.01.02"]
[Round "1"]
[White "Skembris, Spyridon"]
[Black "Medancic, Rikard"]
[Result "1-0"]
[WhiteElo "2413"]
[BlackElo "2242"]
[PlyCount "59"]
[EventDate "2009.01.02"]

1. d4 d5 2. c4 dxc4 3. e3 e6 4. Bxc4 Nf6 5. Nf3 a6 6. a4 c5 7. O-O Qc7 8. Qc2
Nc6 9. Nc3 Be7 10. d5 exd5 11. Nxd5 Nxd5 12. Bxd5 O-O 13. h3 b6 14. Bd2 Bf6 15.
Bc3 Bxc3 16. bxc3 Bb7 17. e4 Rfe8 18. Qa2 Na5 19. Rfd1 h6 20. Rab1 Rxe4 21.
Bxe4 Bxe4 22. Rb2 Bc6 23. Re2 b5 24. Ne5 b4 25. Rd7 Bxd7 26. Qxf7+ Kh7 27. Nxd7
Qd6 28. Re7 Qxe7 29. Qxe7 b3 30. Qe4+ 1-0

[Event "I Open Adriatico Ionio A"]
[Site "Ancona ITA"]
[Date "2009.01.02"]
[Round "1"]
[White "Stella, Andrea"]
[Black "Bruno, Fabio"]
[Result "1/2-1/2"]
[WhiteElo "2273"]
[BlackElo "2460"]
[PlyCount "137"]
[EventDate "2009.01.02"]

1. d4 d5 2. c4 c6 3. Nc3 Nf6 4. cxd5 cxd5 5. Bf4 Nc6 6. e3 a6 7. Bd3 e6 8. Rc1
Be7 9. h3 O-O 10. Nf3 b5 11. O-O Bb7 12. a4 b4 13. Nb1 Rc8 14. Qe2 Qb6 15. Ne5
Nxe5 16. Bxe5 Ne4 17. Nd2 Nxd2 18. Qxd2 Qa5 19. Qe2 g6 20. Bc2 Rc6 21. Bb3 Qb6
22. Rxc6 Qxc6 23. Qc2 Qxc2 24. Bxc2 Rc8 25. Bd3 f6 26. Bg3 Kf7 27. Ra1 Ke8 28.
Kf1 Kd7 29. Ke2 Bd6 30. Bxd6 Kxd6 31. Kd2 a5 32. Bb5 g5 33. Rc1 Rxc1 34. Kxc1
h5 35. g4 hxg4 36. hxg4 e5 37. Kd2 Bc8 38. f3 Be6 39. Ke2 Bf7 40. Kf2 Bg6 41.
Kg3 Bc2 42. Kf2 Ke6 43. Kg3 Bd1 44. Bc6 Be2 45. Kf2 Bc4 46. Kg3 Bd3 47. Be8 Ke7
48. Bc6 Kd6 49. Be8 Ba6 50. Bg6 Ke7 51. Bc2 Bb7 52. Bd3 Bc6 53. Bc2 Kd6 54. b3
Be8 55. Bd3 Bd7 56. Bf5 Bc6 57. Bd3 Bb7 58. Kh3 Bc8 59. Kg3 Be6 60. Bf5 Bf7 61.
Bc2 Bg8 62. Bb1 e4 63. f4 Be6 64. f5 Bc8 65. Bc2 Ba6 66. Bd1 Bd3 67. Kf2 Ba6
68. Be2 Bxe2 69. Kxe2 1/2-1/2

[Event "I Open Adriatico Ionio A"]
[Site "Ancona ITA"]
[Date "2009.01.02"]
[Round "1"]
[White "Tocchioni, Doriano"]
[Black "Jakovljevic, Vlado"]
[Result "1/2-1/2"]
[WhiteElo "2264"]
[BlackElo "2420"]
[PlyCount "56"]
[EventDate "2009.01.02"]

1. d4 d5 2. Nf3 Nf6 3. g3 g6 4. Bg2 Bg7 5. O-O O-O 6. c4 dxc4 7. Qc2 Nc6 8.
Qxc4 Nd7 9. Rd1 Nb6 10. Qc5 Qd6 11. Qxd6 cxd6 12. Nc3 Bg4 13. Rb1 Rac8 14. Bg5
h6 15. Be3 Nc4 16. Nd2 Nxe3 17. fxe3 b6 18. Rbc1 Rfe8 19. Kf2 Bd7 20. Be4 Red8
21. a3 e5 22. d5 Nb8 23. Bd3 f5 24. e4 Rc5 25. b4 Rc7 26. Nb5 Rxc1 27. Rxc1
Bxb5 28. Bxb5 Nd7 1/2-1/2

[Event "I Open Adriatico Ionio A"]
[Site "Ancona ITA"]
[Date "2009.01.02"]
[Round "1"]
[White "Trabert, Bettina"]
[Black "Iordachescu, Viorel"]
[Result "0-1"]
[WhiteElo "2306"]
[BlackElo "2584"]
[PlyCount "64"]
[EventDate "2009.01.02"]

1. e4 c5 2. Nf3 e6 3. d4 cxd4 4. Nxd4 a6 5. Bd3 Ne7 6. O-O Nbc6 7. Nxc6 Nxc6 8.
c4 Bc5 9. Nc3 d6 10. Bf4 e5 11. Bd2 O-O 12. Qh5 Bd4 13. Rab1 Nb4 14. Be2 Be6
15. a3 Nc6 16. Nd5 f5 17. Bd3 f4 18. Kh1 Rf7 19. f3 Qd7 20. Bc3 Raf8 21. Bxd4
Nxd4 22. Qh4 Kh8 23. Rbc1 Rg8 24. b4 g5 25. Qe1 g4 26. fxg4 Rxg4 27. Rf2 Qd8
28. c5 dxc5 29. Rxc5 Qh4 30. Rc7 f3 31. Rxf7 Rxg2 32. Rf8+ Kg7 0-1

[Event "I Open Adriatico Ionio A"]
[Site "Ancona ITA"]
[Date "2009.01.02"]
[Round "1"]
[White "Vuelban, Virgilio"]
[Black "Rotoni, Matteo"]
[Result "1-0"]
[WhiteElo "2411"]
[BlackElo "2168"]
[PlyCount "71"]
[EventDate "2009.01.02"]

1. d4 d5 2. c4 Nc6 3. Nf3 Bg4 4. cxd5 Bxf3 5. gxf3 Qxd5 6. e3 e5 7. Nc3 Bb4 8.
Bd2 Bxc3 9. bxc3 Nf6 10. Rb1 b6 11. Bb5 exd4 12. Qa4 Kd7 13. e4 Rhe8 14. O-O
Nxe4 15. fxe4 Rxe4 16. f3 Re6 17. cxd4 a6 18. Bxc6+ Rxc6 19. Rbc1 b5 20. Qb3
Qxb3 21. axb3 a5 22. Rxc6 Kxc6 23. Rc1+ Kd7 24. Rc5 c6 25. d5 cxd5 26. Rxb5 a4
27. b4 Ke6 28. Ra5 Rxa5 29. bxa5 Kd6 30. Kf2 Kc5 31. Ke3 g6 32. Bb4+ Kb5 33.
Kd4 g5 34. Kxd5 f5 35. Ke5 g4 36. f4 1-0

[Event "I Open Adriatico Ionio A"]
[Site "Ancona ITA"]
[Date "2009.01.03"]
[Round "2"]
[White "Bellia, Fabrizio"]
[Black "Drasko, Milan"]
[Result "1/2-1/2"]
[WhiteElo "2413"]
[BlackElo "2533"]
[PlyCount "62"]
[EventDate "2009.01.02"]

1. e4 e6 2. d4 d5 3. Nd2 Be7 4. Bd3 c5 5. dxc5 Nf6 6. Qe2 Nc6 7. Ngf3 a5 8. a4
O-O 9. O-O Nb4 10. Nb3 b6 11. e5 Nd7 12. c6 Nxc6 13. c3 Nc5 14. Nxc5 bxc5 15.
Qc2 h6 16. Bf4 Ba6 17. Bxa6 Rxa6 18. Qd2 f6 19. exf6 Rxf6 20. Bg3 Rb6 21. Rfe1
Qd7 22. Re2 Bd6 23. Bxd6 Qxd6 24. Rc1 Rb7 25. Ne5 Nxe5 26. Rxe5 c4 27. g3 Qc6
28. Re2 Kf7 29. Qd1 Rb3 30. h4 Qd6 31. Qd4 Qb6 1/2-1/2

[Event "I Open Adriatico Ionio A"]
[Site "Ancona ITA"]
[Date "2009.01.03"]
[Round "2"]
[White "Brih, Said"]
[Black "Foglia, Maurizio"]
[Result "1-0"]
[WhiteElo "2268"]
[BlackElo "2164"]
[PlyCount "51"]
[EventDate "2009.01.02"]

1. d4 d5 2. Nf3 Nf6 3. c4 c6 4. Nc3 a6 5. g3 dxc4 6. Bg2 b5 7. Ne5 Bb7 8. a4
Qc8 9. O-O e6 10. e4 Nbd7 11. f4 Qc7 12. Nxf7 Kxf7 13. e5 Bb4 14. exf6 Nxf6 15.
Ne4 Nxe4 16. Bxe4 g6 17. f5 exf5 18. Bxf5 Kg7 19. Qg4 Rhf8 20. Qg5 Qd6 21. Bf4
Qxd4+ 22. Be3 Qe5 23. Rad1 Rf7 24. Qh6+ Kg8 25. Bxg6 Rxf1+ 26. Rxf1 1-0

[Event "I Open Adriatico Ionio A"]
[Site "Ancona ITA"]
[Date "2009.01.03"]
[Round "2"]
[White "Bruno, Fabio"]
[Black "Tocchioni, Doriano"]
[Result "1-0"]
[WhiteElo "2460"]
[BlackElo "2264"]
[PlyCount "51"]
[EventDate "2009.01.02"]

1. d4 d5 2. c4 Nc6 3. Nf3 Bg4 4. cxd5 Bxf3 5. dxc6 Bxc6 6. Nc3 Nf6 7. f3 e6 8.
e4 Bb4 9. Be3 O-O 10. Bc4 Re8 11. O-O Nd5 12. Nxd5 exd5 13. Bb3 a5 14. a3 Bf8
15. e5 a4 16. Bc2 Bb5 17. Rf2 g6 18. f4 Qd7 19. f5 c5 20. e6 fxe6 21. fxg6 hxg6
22. Bxg6 Re7 23. Qh5 cxd4 24. Bxd4 e5 25. Bxe5 Rxe5 26. Bf7+ 1-0

[Event "I Open Adriatico Ionio A"]
[Site "Ancona ITA"]
[Date "2009.01.03"]
[Round "2"]
[White "De Santis, Alessio"]
[Black "Madeira Martins, Wagner"]
[Result "1-0"]
[WhiteElo "2278"]
[BlackElo "2212"]
[PlyCount "77"]
[EventDate "2009.01.02"]

1. d4 Nf6 2. Nc3 g6 3. e4 d6 4. Be2 Bg7 5. Be3 O-O 6. h4 h5 7. f3 Nc6 8. Qd2 e5
9. d5 Nd4 10. Nb5 Nxe2 11. Nxe2 Bd7 12. Nbc3 b5 13. Bg5 Qb8 14. Nd1 Nh7 15. Bh6
f5 16. Bxg7 Kxg7 17. exf5 Bxf5 18. Ne3 Qd8 19. O-O-O Bd7 20. Rdg1 Qf6 21. Ng3
Qf4 22. Ne2 Qf6 23. Rf1 Qe7 24. Ng3 Rf4 25. Qf2 Raf8 26. Ne2 R4f7 27. Qg3 Nf6
28. Re1 Kh7 29. Qh2 Ng8 30. Ng3 Nf6 31. Qg1 c6 32. dxc6 Bxc6 33. Re2 d5 34. Qe1
Qd6 35. Qd2 d4 36. Nd1 Nd5 37. Ne4 Qe7 38. Ng5+ Kg7 39. Ne6+ 1-0

[Event "I Open Adriatico Ionio A"]
[Site "Ancona ITA"]
[Date "2009.01.03"]
[Round "2"]
[White "Iordachescu, Viorel"]
[Black "Vuelban, Virgilio"]
[Result "1-0"]
[WhiteElo "2584"]
[BlackElo "2411"]
[PlyCount "62"]
[EventDate "2009.01.02"]

1. e4 c5 2. Nf3 d6 3. d4 cxd4 4. Nxd4 Nf6 5. Nc3 Nc6 6. Bg5 e6 7. Qd2 Be7 8.
O-O-O O-O 9. f4 h6 10. Bh4 e5 11. Nf5 Bxf5 12. exf5 Qa5 13. Kb1 Rfd8 14. g4
exf4 15. Bg2 Qb4 16. Rhf1 f3 17. Bxf3 d5 18. Qe1 d4 19. Bxf6 Bxf6 20. Nd5 Qd6
21. h4 Re8 22. Qf2 Be5 23. g5 Ne7 24. Nxe7+ Rxe7 25. f6 gxf6 26. gxh6 f5 27.
Be2 f4 28. Rg1+ Kh8 29. Bd3 Qf6 30. Qf3 Rg8 31. Rxg8+ Kxg8 1-0

[Event "I Open Adriatico Ionio A"]
[Site "Ancona ITA"]
[Date "2009.01.03"]
[Round "2"]
[White "Jakovljevic, Vlado"]
[Black "Guido, Flavio"]
[Result "1/2-1/2"]
[WhiteElo "2420"]
[BlackElo "2382"]
[PlyCount "49"]
[EventDate "2009.01.02"]

1. Nf3 Nf6 2. c4 g6 3. d4 Bg7 4. g3 c6 5. Bg2 d5 6. cxd5 cxd5 7. Nc3 O-O 8. O-O
Ne4 9. Ne5 Nxc3 10. bxc3 Nc6 11. Nxc6 bxc6 12. Qa4 Qb6 13. Ba3 Qa6 14. Qxa6
Bxa6 15. Rfe1 Rfe8 16. Bf1 Bf8 17. Reb1 Reb8 18. Bc5 Bc4 19. a4 a6 20. e3 Bxf1
21. Kxf1 e6 22. Bxf8 Kxf8 23. Ke2 Ke7 24. Kd3 Kd6 25. c4 1/2-1/2

[Event "I Open Adriatico Ionio A"]
[Site "Ancona ITA"]
[Date "2009.01.03"]
[Round "2"]
[White "Kizov, Atanas"]
[Black "Lazic, Miroljub"]
[Result "1/2-1/2"]
[WhiteElo "2404"]
[BlackElo "2454"]
[PlyCount "30"]
[EventDate "2009.01.02"]

1. d4 d5 2. Bf4 Nf6 3. e3 c5 4. c3 Nc6 5. Nd2 e6 6. Ngf3 Bd6 7. Bg3 O-O 8. Bd3
b6 9. Ne5 Bb7 10. f4 Ne7 11. Qf3 Ne8 12. Qh5 g6 13. Qh3 Ng7 14. Bf2 f6 15. Nef3
cxd4 1/2-1/2

[Event "I Open Adriatico Ionio A"]
[Site "Ancona ITA"]
[Date "2009.01.03"]
[Round "2"]
[White "Medancic, Rikard"]
[Black "Rovedi, Mauro"]
[Result "1-0"]
[WhiteElo "2242"]
[BlackElo "2047"]
[PlyCount "61"]
[EventDate "2009.01.02"]

1. d4 Nf6 2. c4 c5 3. d5 d6 4. Nc3 g6 5. e4 Bg7 6. Bd3 Na6 7. Nge2 e6 8. dxe6
Bxe6 9. O-O O-O 10. Bg5 Nb4 11. Nf4 a6 12. a3 Nc6 13. h3 Nd4 14. Nxe6 fxe6 15.
f4 Qc7 16. f5 gxf5 17. exf5 e5 18. Qe1 h6 19. Be3 Rae8 20. Qh4 e4 21. Nxe4 Rxe4
22. Bxe4 Re8 23. Bd5+ Nxd5 24. f6 Bxf6 25. Rxf6 Nxf6 26. Bxd4 cxd4 27. Qxf6 Qg7
28. Qxd6 Re2 29. Qd5+ Kh8 30. Rd1 Rxb2 31. Re1 1-0

[Event "I Open Adriatico Ionio A"]
[Site "Ancona ITA"]
[Date "2009.01.03"]
[Round "2"]
[White "Rago, Riccardo"]
[Black "Stella, Andrea"]
[Result "1/2-1/2"]
[WhiteElo "2076"]
[BlackElo "2273"]
[PlyCount "92"]
[EventDate "2009.01.02"]

1. e4 e6 2. d4 d5 3. Nd2 c5 4. Ngf3 cxd4 5. exd5 Qxd5 6. Bc4 Qd6 7. O-O Nf6 8.
Nb3 Nc6 9. Nbxd4 Nxd4 10. Nxd4 a6 11. c3 Qc7 12. Qe2 Bd6 13. h3 O-O 14. Bg5 Ne4
15. Bh4 Nd2 16. Qxd2 Qxc4 17. f4 Qd5 18. Rf3 Qh5 19. Bf2 Rd8 20. Rd3 Bf8 21.
Nf3 Rxd3 22. Qxd3 Qb5 23. Qxb5 axb5 24. Rd1 f6 25. a3 Kf7 26. Nd4 Bd7 27. Nb3
Bc6 28. Nc5 Bxc5 29. Bxc5 Re8 30. Rd2 e5 31. fxe5 Rxe5 32. Bd6 Rd5 33. Rxd5
Bxd5 34. h4 Ke6 35. Bf8 g6 36. Kf2 Bc6 37. g3 Kd5 38. Ke3 Kc4 39. Be7 f5 40.
Kd2 Kb3 41. Kc1 h6 42. Bf8 h5 43. Bh6 Be4 44. Bf4 Bc6 45. Bd6 Be4 46. Bf4 Bc6
1/2-1/2

[Event "I Open Adriatico Ionio A"]
[Site "Ancona ITA"]
[Date "2009.01.03"]
[Round "2"]
[White "Rotoni, Matteo"]
[Black "Trabert, Bettina"]
[Result "1/2-1/2"]
[WhiteElo "2168"]
[BlackElo "2306"]
[PlyCount "77"]
[EventDate "2009.01.02"]

1. e4 e5 2. Nf3 Nc6 3. d4 exd4 4. Nxd4 Bb4+ 5. c3 Bc5 6. Nxc6 bxc6 7. Bd3 d6 8.
O-O Ne7 9. Bg5 O-O 10. Nd2 f6 11. Bh4 Ng6 12. Bg3 Ne5 13. Be2 Bd7 14. Nb3 Bb6
15. c4 Qe7 16. Rc1 a5 17. Nd4 Kh8 18. Kh1 Bxd4 19. Qxd4 c5 20. Qe3 Nc6 21. f3
Rfb8 22. b3 a4 23. Bd1 axb3 24. axb3 Ra3 25. Be1 Be6 26. Bc3 Nb4 27. Qd2 Ra2
28. Qe3 Qe8 29. f4 Bd7 30. e5 Nc6 31. Re1 fxe5 32. fxe5 Qg6 33. Qg3 Qxg3 34.
hxg3 Re8 35. Bh5 Rb8 36. e6 Be8 37. Bxg7+ Kg8 38. Ra1 Rxa1 39. Rxa1 1/2-1/2